000 00567nam a2200229Ia 4500
003 OSt
005 20220928142927.0
006 a|||||r|||| 00| 0
007 ta
008 220927b |||||||| |||| 00| 0 eng d
024 _a20219
037 _cTextual
040 _aSDCL
_cSDCL
_beng
041 _2eng
_aeng
082 _aB6, M3
100 _aLang Serge
245 0 _aGeometry
_b A high school course.
260 _c1983
700 _a Murrow Gene
_9503966
942 _hB6, M3
_cTEXL
_2CC
999 _c822355
_d822355